00234nam a2200097Ia 4500008004100000082001400041100002200055245002100077260001800098600002000116241002s9999 xx 000 0 und d a575.1 AMN aAmnam, Scheinfeld 0aYou and Hevedity aLondon:c1939 aNatural Science